[Event "Ayr op"]
[Site "Ayr"]
[Date "2023.05.20"]
[Round "2"]
[White "Jelfs, Alan"]
[Black "McPheator, Gary"]
[Result "1/2-1/2"]
[WhiteElo "1838"]
[BlackElo "1695"]
[PlyCount "53"]
[EventDate "2023.05.19"]
[EventType "swiss"]
[EventRounds "5"]
[EventCountry "SCO"]
[SourceTitle "EXT 2024"]
[Source "ChessBase"]
[SourceDate "2023.10.10"]
[SourceVersion "1"]
[SourceVersionDate "2023.10.10"]
[SourceQuality "1"]

1. d4 e6 2. c4 Nf6 3. Nf3 c5 4. Nc3 cxd4 5. Nxd4 d5 6. Bg5 dxc4 7. e3 Be7 8. Bxc4 0-0 9. Qf3 Qc7 10. Bb3 a6 11. 0-0 Bd7 12. Rac1 Nc6 13. Rfd1 Nxd4 14. Rxd4 Bc6 15. Qh3 Qa5 16. f4 Rad8 17. Ne2 Rxd4 18. Nxd4 Bd5 19. Bc2 Be4 20. Bxe4 Nxe4 21. Bxe7 Qd2 22. Rf1 Rc8 23. g4 Rc1 24. Bh4 Rxf1+ 25. Kxf1 Qxb2 26. a4 Nd2+ 27. Ke1 1/2-1/2

[Event "Dundee & Angus op"]
[Site "Dundee"]
[Date "2014.10.11"]
[Round "4"]
[White "Ridge, Michael"]
[Black "McPheator, Gary"]
[Result "0-1"]
[WhiteElo "1881"]
[BlackElo "1741"]
[PlyCount "112"]
[EventDate "2014.10.10"]
[EventType "swiss"]
[EventRounds "5"]
[EventCountry "SCO"]
[SourceTitle "EXT 2017"]
[Source "ChessBase"]
[SourceDate "2016.10.25"]
[SourceVersion "1"]
[SourceVersionDate "2016.10.25"]
[SourceQuality "1"]

1. e4 c5 2. Nf3 g6 3. d4 cxd4 4. Qxd4 Nf6 5. Nc3 Nc6 6. Qa4 Bg7 7. e5 Ng8 8. Bf4 a6 9. 0-0-0 Bh6 10. Bxh6 Nxh6 11. g4 Rb8 12. Qf4 Ng8 13. Ng5 f6 14. exf6 Nxf6 15. Ne6 Qa5 16. Ng7+ Kf7 17. g5 Kxg7 18. gxf6+ exf6 19. Bh3 f5 20. Rhe1 b5 21. Bg2 Qb4 22. Qf3 Rb7 23. Rxd7+ Kh6 24. Rxh7+ Rhxh7 25. Qxc6 Rbe7 26. Rxe7 Rxe7 27. Qf3 Bb7 28. Qh3+ Kg7 29. Bxb7 Qf4+ 30. Kd1 Rxb7 31. Qe3 Rd7+ 32. Ke2 Qg4+ 33. Kf1 b4 34. Qe5+ Kh7 35. Qe6 Rd4 36. Qf7+ Kh6 37. Qf8+ Kh5 38. Qh8+ Kg5 39. h4+ Qxh4 40. Qxh4+ Kxh4 41. Ne2 Rd1+ 42. Kg2 Rd2 43. Nf4 g5 44. Nd3 a5 45. Ne1 g4 46. a3 bxa3 47. bxa3 Rd1 48. Kf1 Ra1 49. Ke2 Rxa3 50. Ng2+ Kg5 51. Ne3 f4 52. Nd5 g3 53. fxg3 fxg3 54. c4 Kg4 55. c5 g2 56. Nf6+ Kh3 0-1

[Event "Ayr Shire & Arran Congress"]
[Site "Ayr"]
[Date "2014.05.24"]
[Round "3"]
[White "Dawson, Alastair G"]
[Black "McPheator, Gary"]
[Result "1-0"]
[WhiteElo "1784"]
[BlackElo "1690"]
[PlyCount "83"]
[EventDate "2014.05.??"]
[EventType "swiss"]
[EventRounds "5"]
[EventCountry "SCO"]
[SourceTitle "EXT 2023"]
[Source "ChessBase"]
[SourceDate "2022.10.05"]
[SourceVersion "1"]
[SourceVersionDate "2022.10.05"]
[SourceQuality "1"]

1. d4 Nf6 2. Nf3 e6 3. Bf4 c5 4. e3 cxd4 5. exd4 Qb6 6. Qc1 Nd5 7. Bd2 Nc6 8. c4 Ndb4 9. a3 Na6 10. Bc3 d5 11. c5 Qd8 12. b4 Nc7 13. b5 Ne7 14. Bd3 g6 15. a4 Bg7 16. h4 h6 17. Qf4 f5 18. Ba5 e5 19. dxe5 Ne6 20. Qd2 b6 21. cxb6 axb6 22. Bb4 Nc5 23. Bxc5 bxc5 24. 0-0 0-0 25. Nc3 d4 26. Bc4+ Kh8 27. Ne2 Qc7 28. Nf4 Bxe5 29. Nxe5 Qxe5 30. Rfe1 Qd6 31. Rxe7 g5 32. hxg5 hxg5 33. Nd5 f4 34. Qe2 g4 35. Qe5+ Qxe5 36. Rxe5 Bf5 37. a5 Rae8 38. Rxe8 Rxe8 39. a6 d3 40. Rd1 g3 41. Nxf4 Bg4 42. f3 1-0

[Event "Dundee & Angus op"]
[Site "Dundee"]
[Date "2013.10.12"]
[Round "2"]
[White "McPheator, Gary"]
[Black "Gillespie, David Paul"]
[Result "1-0"]
[WhiteElo "1690"]
[BlackElo "1888"]
[PlyCount "129"]
[EventDate "2013.10.11"]
[EventType "swiss"]
[EventRounds "5"]
[EventCountry "SCO"]
[SourceTitle "EXT 2017"]
[Source "ChessBase"]
[SourceDate "2016.10.25"]
[SourceVersion "1"]
[SourceVersionDate "2016.10.25"]
[SourceQuality "1"]

1. e4 c5 2. Nc3 Nc6 3. g3 g6 4. Bg2 Bg7 5. d3 e6 6. Be3 Nd4 7. Nce2 Ne7 8. c3 Nxe2 9. Nxe2 d6 10. Qd2 0-0 11. Bh6 Rb8 12. h4 Bxh6 13. Qxh6 Kh8 14. h5 Ng8 15. Qd2 e5 16. 0-0-0 Qa5 17. Kb1 Be6 18. b3 b5 19. Rh2 b4 20. c4 Qd8 21. f4 Nf6 22. hxg6 fxg6 23. Rdh1 Rb7 24. Bf3 Bg4 25. Bxg4 Nxg4 26. Rh4 Nf6 27. Nc1 Rbf7 28. fxe5 dxe5 29. Qg5 Nxe4 30. Qxd8 Nc3+ 31. Ka1 Rxd8 32. R4h2 Kg8 33. Kb2 Rd6 34. Re1 Re6 35. Ne2 Nxe2 36. Rhxe2 Rfe7 37. Kc2 h5 38. Kd2 Kg7 39. Ke3 Rd7 40. Kd2 Kf6 41. Rf1+ Kg5 42. Rfe1 Rde7 43. Re4 Kh6 44. Rf1 g5 45. Kc2 Kg6 46. Rfe1 g4 47. Kb2 Kg5 48. Kc2 h4 49. gxh4+ Kxh4 50. Rh1+ Kg3 51. Rg1+ Kf3 52. Rexg4 Rh7 53. R4g3+ Kf4 54. Rg8 e4 55. Rf8+ Ke5 56. dxe4 Rh2+ 57. Kb1 Kd4 58. Rd1+ Ke3 59. Rf5 Rg6 60. Rxc5 Rgg2 61. Re1+ Kd2 62. Rc1 Ke3 63. Ra5 Rb2+ 64. Ka1 Kd2 65. Kxb2 1-0